Quizzes
Events
Quiz Creation
Community
Videos
Private Events
Remove Ads
Sign In
Join for FREE
Feedback
Dark Mode
Quiz Categories
Sports
Geography
Music
Movies
Television
Just For Fun
Miscellaneous
History
Literature
Language
Science
Gaming
Entertainment
Religion
Holiday
For Kids
Quiz Lab
Recent
Popular Today
Quiz Kudos Today
Editor Picks
Curator Picks
Quizzes by...
Day
Popularity
Type
Ratings
Length
Year
Community
Subscriptions
Recent Discussions
Orange Saloon
Badges
Playlists
Quests
Create
Leaderboards
Showdown
Live 5
Trivia Bingo
Activity
Puzzle Library
Sporcle Events
Private Events
Virtual Trivia
Globe League
Become a Host
Pub Owners
SporcleCon
Opinionation
Our Games
Videos
Blog
Mobile Apps
Partnerships
Remove Ads and Go Orange
Feedback
Music
Pop Music
The Beatles
Song
Album
Lyrics
Bands
Singers
Artist
Clip
Rock
Rap
Classical
Billboard
Country Music
Kpop
Taylor Swift
Music
Pop Music
The Beatles
Song
Album
Lyrics
Bands
Singers
Artist
Clip
Rock
Rap
Classical
Billboard
Country Music
Kpop
Taylor Swift
Random Quiz
Search Sporcle
×
Quiz Lab
Quiz Lab
Music
Album
Type in answers that appear in a list
Type in answers that appear in a list
Classic
Best Score? Go Orange.
Bands With 1994 Albums Stats
Can you identify which musical artists released new albums in 1994? Type Y for yes or N for no.
By
CMIPalaeo
5m
30 Questions
44 Plays
44 Plays
44 Plays
Comments
Comments
Give Quiz Kudos
Give Quiz Kudos
-
- Ratings
hide this ad
Forced Order
Answers have to be entered in order
Answers have to be entered in order
Wrong Answers
Some wrong answers will appear in red
Some wrong answers will appear in red
Random Order
Randomize order of answers
Randomize order of answers
Replay
Link that replays current quiz
Next Quiz
Link to next quiz in quiz playlist
You Got
0%
They Got
Avg Score
57%
Avg Friend Score
Upgrade to see
Score Distribution
Jump to the score distribution portion of the page
Score
0/30
Timer
05:00
0
Plays Today
Artist
1994 Album? (Y/N)
% Correct
R.E.M.
???
93.2%
Green Day
???
88.6%
Pearl Jam
???
88.6%
Oasis
???
86.4%
Weezer
???
81.8%
Prince
???
79.5%
Chumbawamba
???
72.7%
Johnny Cash
???
65.9%
Shakira
???
63.6%
The Psychedelic Furs
???
59.1%
Dinosaur Jr.
???
56.8%
Steve Miller Band
???
54.5%
The Brian Setzer Orchestra
???
54.5%
Spice Girls
???
54.5%
The B-
52s
???
52.3%
Artist
1994 Album? (Y/N)
% Correct
Ringo Starr
???
50%
Tears For Fears
???
50%
David Bowie
???
50%
Siouxsie and the Banshees
???
47.7%
U2
???
47.7%
Sting
???
45.5%
Frank Sinatra
???
45.5%
Bob Dylan
???
45.5%
Yes
???
45.5%
Black Sabbath
???
45.5%
Depeche Mode
???
43.2%
Bowling For Soup
???
43.2%
Lynyrd Skynyrd
???
40.9%
Rush
???
40.9%
Whitney Houston
???
29.5%
Quiz Playlist
Details
Report
Send in Message
Add To Playlist
Classic:
Type in answers that appear in a list
Forced Order:
Answers have to be entered in order
Wrong Answers:
Some wrong answers will appear in red
Random Order:
Randomize order of answers
Last Updated: Feb 16, 2017
Quiz Scoreboard
CHALLENGE
Sign Up to Join the Scoreboard
Show All
Scores
Hide
Comments
May contain spoilers
Recently Published
Popular People in 1961
by mucciniale
History
6m
1-10 Letter E Words III
by El_Dandy
Language
2m
One Thing in Common: World Cities II
by knightlancer
Geography
7m
More to Explore
Quiz From the Vault
Featured Blog Post
Where Did the Easter Bunny Come From?
hide this ad
You Might Also Like...
Tags
Album Quiz
Pop Music Quiz
Rock Quiz
1994
Music Industry
Music Releases
Studio Albums
Today's Top Quizzes in Music
Browse Music
hide this ad
Today's Top Quizzes in Album
Browse Album
Top Contributed Quizzes in Music
1
Taylor Swift All Songs (2024)
2
Taylor Swift Logic Puzzle
3
2010s Album by Cover III
4
Guess the Taylor Swift song (Mystery Song)
5
One Thing in Common: Music
6
Guess the Artist- 70s Songs
7
2010s Album by Cover IV
8
2010s Album by Cover V
9
Get the Picture: Carrie or Dolly
10
Lana Del Rey Discography (BTD to DYKTTATUOB)
Explore More
Trending Topics
Harry Potter
Anime
Kpop
NBA
Disney
Crossword
Marvel
Pokémon
The Office
Soccer
WWE
Puzzle
Song
NFL
Country
hide this ad
More By:
CMIPalaeo
Quiz
Plays
Rating
Category
Featured
Created
Small Carnivorans Slideshow
13,366
4.44
Science
Feb 9, 2017
One-Second Beatles
4,655
4.55
Music
Jul 8, 2015
Doctor Who or The Twilight Zone?
2,721
4.50
Television
Jan 18, 2016
Steven Universe Gem Fusions
2,675
4.88
Television
Jul 18, 2015
Geologic Time Multiple Choice
2,675
3.33
Science
Sep 7, 2016
Go to Creator's Profile
Score Distribution
Quiz Creator Spotlight
CMIPalaeo
Follow
Send a Message
Quizzes Created
-
Created Quiz Play Count
-
More By This Creator
Popular Quizzes Today
1
Find the US States - No Outlines Minefield
2
The Countries of the World
3
Popular People in 1961
4
Find the Countries of Europe - No Outlines Minefield
5
1-10 Letter E Words III
6
Find the US States
7
One Thing in Common: World Cities II
8
US States
More Music Quizzes
Most Influential Albums
Curator's Pick
Trending Quizzes
Country Music Stars Doing Things
Get the Picture: Carrie or Dolly
1-10 Letter F Words
1-10 Letter G Words
Risky Map Clicking: Next State Alphabetically
Recently Updated
Leaping Animals
pecheneg
Reality TV Shows (A-Z)
bhenderson79
Rickey Henderson's Hall of Fame Teammates
pecheneg
Champions League XIs: Arsenal
pecheneg
Quick Pick: Celebrities in WWE's Hall of Fame
aduchscher
A-Z Keypad Blitz II
pecheneg
Multiple Oscar Actors
pecheneg
Mystery Phrase Blitz: Oscar 'Best Actors'
pecheneg
F. Scott Fitzgerald Novels
LTH
Pick 3 Villains
ddd62291
Trending Topics
Marvel
Disney
Kpop
Crossword
NBA
Harry Potter
Anime
Puzzle
Song
Country
NFL
Soccer
The Office
WWE
Pokémon
Your Account Isn't Verified!
In order to create a playlist on Sporcle, you need to verify the email address you used during registration. Go to your
Sporcle Settings
to finish the process.
Report this User
Report this user for behavior that violates our
Community Guidelines
.
Details:
Send Report
Go to the Sporcle.com Mobile Site →
Comments